| 000 | 01183nam a22001937a 4500 | ||
|---|---|---|---|
| 003 | BR-ViAPE | ||
| 005 | 20260508142614.0 | ||
| 008 | 260508s1923 por gss|||f001 0 por d | ||
| 040 | _cBR-ViAPE | ||
| 110 |
_aMinistério da Agricultura, Indústria e Comércio _bDiretoria Geral de Estatística |
||
| 245 |
_aRecenseamento do Brasil, realizado em 1 de setembro de 1920: _brelação dos proprietários dos estabelecimentos rurais recenseados no Estado do Espírito Santo |
||
| 260 |
_aRio de Janeiro _bTyp. da Estatística _c1923 |
||
| 300 |
_a18 p. _bDocumento digitalizado (PDF) |
||
| 500 |
_aDocumento integrante do Recenseamento do Brasil de 1920, contendo levantamento estatístico e nominal de estabelecimentos rurais do município de São Pedro Itabapoana (ES). _aDocumento digitalizado do acervo institucional do Arquivo Público do Estado do Espírito Santo - APEES. |
||
| 650 |
_aPropriedade rural _xHistória _zSão Pedro do Itabapoana (ES) |
||
| 651 |
_aMimoso do Sul (ES) _zEspírito Santo (Brasil) |
||
| 856 |
_uhttps://ape.es.gov.br/Media/ape/PDF/Recenseamento/Recenseamento_1920_Sao_Pedro_Itabapoana.pdf _yCLIQUE AQUI PARA ACESSAR O DOCUMENTO |
||
| 942 |
_2ddc _cOBRAS_RARA _n1 |
||
| 999 |
_c611 _d611 |
||